Délmagyarország. - 1955. november 5., Szombat
Elmentve itt :
| Dokumentumtípus: | Újság |
|---|---|
| Megjelent: |
1955-11-05
|
| Sorozat: | Délmagyarország
11 No. 261 |
| Online Access: | http://dmarchiv.bibl.u-szeged.hu/13611 |
| LEADER | 00489nas a2200145 i 4500 | ||
|---|---|---|---|
| 001 | delm13611 | ||
| 005 | 20200414160027.0 | ||
| 008 | 171214s1955 hu n o 0|| hun d | ||
| 022 | |a 0133-025X | ||
| 040 | |a SZTE Délmagyarország Archívum |b hun | ||
| 041 | |a hun | ||
| 245 | 0 | 0 | |a Délmagyarország. - 1955. november 5., Szombat |h [elektronikus dokumentum] |
| 260 | |c 1955-11-05 | ||
| 490 | 0 | |a Délmagyarország |v 11 No. 261 | |
| 856 | 4 | 0 | |u http://dmarchiv.bibl.u-szeged.hu/13611/1/dm_1955_261.pdf |z Dokumentum-elérés |